MESTSKÁ KNIŽNICA GIRALTOVCE  - online katalóg 

Denník Bridget Jonesovej (Record no. 8042)

000 -NÁVESTIE
fixed length control field 00888nam a2200265 a 4500
008 - ÚDAJE S PEVNOU DĹŽKOU – VŠEOBECNÉ INFORMÁCIE
fixed length control field 020814s2001 m yxo ra 0 slo c
020 ## - MEDZINÁRODNÉ ŠTANDARDNÉ ČÍSLO KNIHY (ISBN)
Medzinárodné štandardné číslo knihy (ISBN) 805510252X
Údaje o dostupnosti 189
040 ## - ZDROJ KATALOGIZÁCIE
Pôvodná katalogizujúca agentúra SNK
Jazyk katalogizácie slo
Prepisujúca agentúra SNK
Konvencie popisu AACR2
041 1# - KÓD JAZYKA
Kód jazyka textu/zvukovej stopy alebo samostatných nápisov slo
Kód jazyka originálu a/alebo sprostredkujúcich prekladov textu eng
044 ## - KÓD KRAJINY VYDAVATEĽA/PRODUCENTA
Kód krajiny MARC xo
Kód krajiny ISO SK
080 ## - ČÍSLO MEDZINÁRODNÉHO DESATINNÉHO TRIEDENIA (MDT)
Číslo Medzinárodného desatinného triedenia (MDT) 821.111-3
100 1# - OSOBNÉ MENÁ – VŠEOBECNÉ INFORMÁCIE
Osobné meno Fielding, Helen
Dátumy súvisiace s menom 1959-
Kód roly aut
240 10 - UNIFIKOVANÝ NÁZOV
Unifikovaný názov Bridget Joneďs diary
Jazyk diela Slovensky
245 10 - NÁZOV
Názov Denník Bridget Jonesovej
Údaj o zodpovednosti atď. Helen Fieldingová ; [z anglického originálu preložili Mária Klenková a Tamara Chovanová]
250 ## - ÚDAJ O PORADÍ VYDANIA
Údaj o poradí vydania [1. vyd.]
260 ## - VYDAVATEĽSKÉ ÚDAJE, DISTRIBÚCIA ATĎ.
Miesto publikovania, distribúcie atď. Bratislava
Názov vydavateľa, distibútora atď. IKAR
Dátum publikovania, distribúcie atď. 2001
300 ## - FYZICKÝ POPIS
Rozsah 255 s.
Rozmery 21 cm
500 ## - VŠEOBECNÁ POZNÁMKA
Formátovaná poznámka o obsahu Údaj o prekl. prevzatý z rubu tit. strany
650 07 - PRIDANÝ VSTUP – PREDMET – TEMATICKÉ HESLO
Tematické heslo alebo geografický názov ako vstupný prvok romány spoločenské anglické
Zdroj hesla alebo termínu SNK
700 1# - PRIDANÝ VSTUP – OSOBNÉ MENO
Osobné meno Klenková, Mária
Kód roly trl
700 1# - PRIDANÝ VSTUP – OSOBNÉ MENO
Osobné meno Chovanová, Tamara
Kód roly trl
730 ## -
-- Bridget Joneďs diary
765 0# - VÄZBA NA PÔVODNÝ JAZYK
Názov Bridget Joneďs diary
Záhlavie hlavného vstupu Fielding, Helen, 1959-
958 ## - Formálny deskriptor
Formálny deskriptor AUL
Holdings
Stav stiahnutia (Blokovanie) (Withrawn status) Stav straty Zdroj klasifikácie pre skladovanie Stav poškodenia (Damaged status) Nie pre výpožičky (Not for loan) Spôsob nadobudnutia (Collection code) Trvalé umiestnenie Aktuálne umiestnenie Dátum nadobudnutia Náklady, bežná kúpna cena Inventárne číslo (prírastkové číslo) Celkom výpožičky Full call number Čiarový kód Dátum posledného výskytu Dátum poslednej výpôžičky Cena s účinnosťou od Typ jednotky Koha
          Kúpa Mestská knižnica Giraltovce Mestská knižnica Giraltovce 2019-11-29 189.00 07522 1 B1724 B1724 2020-08-13 2020-08-05 2019-11-29 Krásna literatúra pre dospelých

Powered by Koha